[Event "Nikaia Fysiolatriko op B"]
[Site "Nikaia"]
[Date "2015.06.21"]
[Round "5"]
[White "Gkikas, Ioannis"]
[Black "Vesdekis, Hristos"]
[Result "0-1"]
[WhiteElo "1456"]
[BlackElo "1124"]
[PlyCount "108"]
[EventDate "2015.06.16"]
[EventType "swiss"]
[EventRounds "9"]
[EventCountry "GRE"]
[SourceTitle "EXT 2024"]
[Source "ChessBase"]
[SourceDate "2023.10.10"]
[SourceVersion "1"]
[SourceVersionDate "2023.10.10"]
[SourceQuality "1"]

1. e4 c5 2. Nf3 Nc6 3. d4 cxd4 4. Nxd4 e5 5. Nb5 d6 6. Be3 Nf6 7. f3 a6 8. N5c3 Be6 9. Be2 d5 10. exd5 Nxd5 11. Nxd5 Bxd5 12. Nc3 Be6 13. Qxd8+ Rxd8 14. 0-0 Be7 15. Rad1 0-0 16. Bb6 Rc8 17. a3 Bd8 18. Bc5 Be7 19. Be3 b5 20. Rd2 Rcd8 21. Rfd1 Rxd2 22. Rxd2 Rd8 23. Rxd8+ Bxd8 24. Ne4 Be7 25. Bc5 f5 26. Bxe7 fxe4 27. Bc5 exf3 28. Bxf3 Nd4 29. Be4 Bf5 30. Bxf5 Nxf5 31. Kf2 Kf7 32. Kf3 Ke6 33. Ke4 Nd6+ 34. Bxd6 Kxd6 35. g3 g6 36. h3 h6 37. g4 g5 38. b3 a5 39. c3 Ke6 40. c4 bxc4 41. bxc4 Kd6 42. a4 Kc5 43. Kxe5 Kxc4 44. Kf6 Kb4 45. Kg6 Kxa4 46. Kxh6 Kb3 47. Kxg5 a4 48. h4 a3 49. h5 a2 50. h6 a1Q 51. Kg6 Qa6+ 52. Kh5 Qf6 53. g5 Qf7+ 54. Kg4 Qg6 0-1

[Event "Petroupoli ASOP Dias Seniors op"]
[Site "Petroupoli"]
[Date "2014.04.19"]
[Round "5.20"]
[White "Vesdekis, Hristos"]
[Black "Traiforou, Georgia"]
[Result "1/2-1/2"]
[WhiteElo "1005"]
[BlackElo "1206"]
[PlyCount "73"]
[EventDate "2014.03.22"]
[EventType "swiss"]
[EventRounds "7"]
[EventCountry "GRE"]
[SourceTitle "EXT 2024"]
[Source "ChessBase"]
[SourceDate "2023.10.10"]
[SourceVersion "1"]
[SourceVersionDate "2023.10.10"]
[SourceQuality "1"]

1. e4 d5 2. exd5 Nf6 3. Nc3 Bg4 4. f3 Bf5 5. Bc4 c6 6. d4 cxd5 7. Bb5+ Nc6 8. Nge2 e6 9. 0-0 Bb4 10. Bf4 0-0 11. Qd2 Qb6 12. Bxc6 bxc6 13. a3 Bxc3 14. Qxc3 Rfe8 15. Bg5 Nd7 16. f4 h6 17. Bh4 Rac8 18. b4 Qb5 19. Ng3 Nb6 20. Nxf5 exf5 21. Qc5 Qxc5 22. dxc5 Nc4 23. a4 Re2 24. c3 Rce8 25. Rfe1 R8e3 26. Rxe2 Rxe2 27. Re1 Re4 28. Rxe4 dxe4 29. Kf1 f6 30. Ke2 g5 31. fxg5 fxg5 32. Bf2 Kf7 33. b5 Ke7 34. b6 axb6 35. cxb6 Nd6 36. a5 Kd7 37. Bc5 1/2-1/2

[Event "Petroupoli ASOP Dias Seniors op"]
[Site "Petroupoli"]
[Date "2014.04.12"]
[Round "4.20"]
[White "Ladielis, Andreas"]
[Black "Vesdekis, Hristos"]
[Result "1/2-1/2"]
[WhiteElo "1000"]
[BlackElo "1005"]
[PlyCount "33"]
[EventDate "2014.03.22"]
[EventType "swiss"]
[EventRounds "7"]
[EventCountry "GRE"]
[SourceTitle "EXT 2024"]
[Source "ChessBase"]
[SourceDate "2023.10.10"]
[SourceVersion "1"]
[SourceVersionDate "2023.10.10"]
[SourceQuality "1"]

1. e4 c5 2. Nf3 d6 3. Bc4 Nf6 4. Nc3 e6 5. d3 Be7 6. 0-0 0-0 7. Be3 a6 8. d4 b5 9. Be2 d5 10. e5 Ne4 11. dxc5 Nxc5 12. Bd4 Bb7 13. a3 Qc7 14. b4 Ncd7 15. Qd3 Qc4 16. Qxc4 dxc4 17. Rad1 1/2-1/2

[Event "Petroupoli-ch"]
[Site "Petropouli"]
[Date "2014.02.15"]
[Round "4"]
[White "Dimoudi, Alexandra"]
[Black "Vesdekis, Hristos"]
[Result "1-0"]
[WhiteElo "1137"]
[BlackElo "1005"]
[PlyCount "97"]
[EventDate "2014.01.25"]
[EventType "swiss"]
[EventRounds "7"]
[EventCountry "GRE"]
[SourceTitle "EXT 2015"]
[Source "ChessBase"]
[SourceDate "2014.11.20"]
[SourceVersion "1"]
[SourceVersionDate "2014.11.20"]
[SourceQuality "1"]

1. e4 c5 2. Nc3 d6 3. Bb5+ Bd7 4. Bxd7+ Nxd7 5. f4 Ngf6 6. d3 e6 7. Nf3 Qc7 8. 0-0 Be7 9. Qe1 Qb6 10. Qg3 Nh5 11. Qf2 e5 12. fxe5 dxe5 13. Nd5 Qd6 14. Nh4 0-0 15. Nf5 Qe6 16. Nc7 Qf6 17. Nxe7+ Qxe7 18. Nxa8 Rxa8 19. Qf5 Ndf6 20. Bg5 Nf4 21. Bxf6 Qxf6 22. Qxf6 gxf6 23. g3 Ne2+ 24. Kg2 Nd4 25. Rxf6 Nxc2 26. Rc1 Nb4 27. Rxc5 Nxd3 28. Rc7 Rf8 29. Rxb7 Nc5 30. Rxa7 Nxe4 31. Rfa6 Nc5 32. Ra5 Nd3 33. Ra8 f5 34. Rxf8+ Kxf8 35. Kf1 Kf7 36. Rd5 Nxb2 37. Rxe5 Kf6 38. Re2 Nc4 39. a4 Kg5 40. h4+ Kg4 41. Kg2 f4 42. gxf4 Kxf4 43. Ra2 h5 44. a5 Nxa5 45. Rxa5 Kg4 46. Ra4+ Kf5 47. Kf3 Ke5 48. Ra5+ Kf6 49. Rxh5 1-0